000 00704nam a2200289Ia 4500
005 20260324144114.0
008 008 260324s9999 xx 000 0 eng d
020 _a9781003028895
037 _aEBOOK
040 _aCRL
040 _beng
040 _cCRL
041 _2eng
041 _aeng
084 _qCRL
100 _aK.J. Tinkler
_91218096
245 4 _aThe History of Geomorphology
245 0 _bFrom Hutton to Hack: Binghamton Geomorphology Symposium 19
260 _bTaylor and Francis
260 _c1989
365 _a
365 _b205
856 _uhttp://www.taylorfrancis.com/books/9781003028895
942 _cEBOOK
999 _c1824296
_d1824296